Buchstaben in Geographie - Sudden Death - Statistiken

Allgemein
  • Dieses Quiz wurde 451 mal gespielt
  • Das Durchschnittsergebnis liegt bei 36 aus 56
Answers on the Grid
Answers color-coded by a green-red scale on the quiz's grid according to % correct below.
P
T
E
R
U
T
O
G
Q
O
B
A
E
K
U
K
L
A
O
S
S
Z
U
V
A
K
S
U
B
A
P
R
A
L
G
O
M
A
M
N
F
K
I
E
W
M
A
I
L
I
R
I
G
A
U
I
R
A
X
K
O
S
L
B
O
D
O
I
L
I
 
Antwortstatistiken
Antwort % Korrekt
P
90%
E
86%
O
85%
R
85%
G
84%
T
84%
U
84%
O
83%
L
80%
O
79%
S
79%
A
78%
A
75%
B
75%
K
74%
U
74%
A
73%
M
73%
O
73%
B
71%
A
70%
G
70%
K
70%
P
70%
R
70%
A
69%
U
69%
E
67%
K
67%
N
67%
W
67%
I
66%
A
64%
M
64%
L
63%
I
59%
R
59%
A
57%
G
57%
I
57%
I
57%
A
56%
R
56%
K
54%
O
51%
S
51%
L
49%
O
49%
U
46%
A
44%
S
43%
V
42%
D
32%
L
22%
I
21%
I
21%
Keine übereinstimmenden Quizze gefunden
Verteilung der Resultate
Anzahl Personen mit jedem Resultat
Perzentil nach korrekt beantworteten Fragen
Ihre Resultats-Entwicklung
Sie haben dieses Quiz noch nicht gespielt